MARC

LEADER 00000nam0a2200000 4500
001 119704
005 20231031124714.0
010 |a 5705000200 
020 |a RU  |b 89-62815 
035 |a (RuTPU)RU\TPU\book\129597 
090 |a 119704 
100 |a 20070730d1989 km y0rusy5003 ca 
101 0 |a rus 
102 |a RU 
105 |a a z 001zy 
200 1 |a Метрологическое обеспечение эксплуатации сложных изделий  |f В. В. Крещук 
210 |a Москва  |c Изд-во стандартов  |d 1989 
215 |a 199,[1] с.  |c ил. 
320 |a Библиогр.: с. 196-198 (57 назв.). 
610 1 |a метрология 
610 1 |a сложные изделия 
610 1 |a работоспособность 
610 1 |a измерительный контроль 
610 1 |a метрологическое обеспечение 
610 1 |a средства измерений 
675 |a 621:53.08  |z rus 
700 1 |a Крещук  |b В. В.  |g Витольд Витольдович  |4 070 
801 0 |a RU  |b RuMRKP  |c 19950417  |g psbo 
801 1 |a RU  |b 63413507  |c 20070730  |g PSBO 
801 2 |a RU  |b 63413507  |c 20080922  |g PSBO 
942 |c BK